| 000 | 01045cam a22003257a 4500 | ||
|---|---|---|---|
| 003 | CHAP | ||
| 005 | 20220329134811.0 | ||
| 008 | 971013s1986 r 00010 d | ||
| 010 | _a26164 | ||
| 011 | _a27136 | ||
| 035 | _a31237 | ||
| 040 | _cCHAP | ||
| 090 | _aFolleto 10971 | ||
| 110 |
_aInternational Soybean Program _959837 |
||
| 245 | 1 | 4 |
_aThe soybean solution _b: meeting world food needs |
| 260 |
_aUrbana, Ill. : _bThe Program, _c1986 |
||
| 300 |
_a28 p. _b: ilus. ; gráfs |
||
| 500 | _ac.4-6 en bodega | ||
| 590 |
_aBATCH-UPD _b10 _c20130110 _lUCH01 _h0051 |
||
| 590 |
_aBATCH-UPD _b10 _c20130110 _lUCH01 _h1051 |
||
| 590 |
_aCONVERSION _b10 _c20130109 _lUCH01 _h1315 |
||
| 650 | 1 | 4 |
_aSoya _xRendimiento. _9109084 |
| 650 | 1 | 4 |
_aSoya _xValor nutritivo. _9109095 |
| 700 | 0 |
_aWynstra, Robert J. _9122870 |
|
| 901 | _aBK | ||
| 942 | _cFOLL | ||
| 949 |
_aFolleto 10971 _bBC _cFOLL _d-124298 _eTS1 _fc.3 _i31237 _si |
||
| 949 |
_aFolleto 10971 _bBC _cFOLL _d-72224 _eTS1 _i31237 _si |
||
| 949 |
_aFolleto 10971 _bBC _cFOLL _d-72225 _eTS2 _fc.2 _i31237 _si |
||
| 999 |
_c26164 _d26164 |
||